The functions of the executive / (Record no. 75906)
[ view plain ]
| 000 -LEADER | |
|---|---|
| fixed length control field | 00772nam a22002412 4500 |
| 001 - CONTROL NUMBER | |
| control field | 75906 |
| 003 - CONTROL NUMBER IDENTIFIER | |
| rucl marc code | BD-RjUL |
| 005 - DATE AND TIME OF LATEST TRANSACTION | |
| control field | 20211209082748.0 |
| 008 - FIXED-LENGTH DATA ELEMENTS--GENERAL INFORMATION | |
| fixed length control field | 190909t19661938mau b 001 0 eng d |
| 035 ## - SYSTEM CONTROL NUMBER | |
| System control number | OCLC ocm05378908 from D970418M |
| System control number | (BD-RjUL)76125 |
| 040 ## - CATALOGING SOURCE | |
| Original cataloging agency | GQG |
| Transcribing agency | GQG |
| Modifying agency | EQO |
| -- | BD-RjUL |
| Language of cataloging | eng |
| 041 ## - LANGUAGE CODE | |
| Language code of text/sound track or separate title | eng |
| 082 ## - DEWEY DECIMAL CLASSIFICATION NUMBER | |
| Edition number | 23 |
| Classification number | 658.4 |
| Author mark and year | BAF 1966 |
| 100 1# - MAIN ENTRY--PERSONAL NAME | |
| Personal name | Barnard, Chester I., |
| Dates associated with a name | 1886-1961. |
| 9 (RLIN) | 232862 |
| 245 14 - TITLE STATEMENT | |
| Title | The functions of the executive / |
| Statement of responsibility, etc. | by Chester I. Barnard. |
| 260 ## - PUBLICATION, DISTRIBUTION, ETC. (IMPRINT) | |
| Place of publication, distribution, etc. | Cambridge, Mass. : |
| Name of publisher, distributor, etc. | Harvard University Press, |
| Date of publication, distribution, etc. | c1966, c1938 [printing 1956] |
| 300 ## - PHYSICAL DESCRIPTION | |
| Pagination | xvi, 334 p. ; |
| Size | 23 cm. |
| 504 ## - BIBLIOGRAPHY, ETC. NOTE | |
| Bibliography, etc | Includes bibliographical references and index. |
| 650 #0 - SUBJECT ADDED ENTRY--TOPICAL TERM | |
| Topical term or geographic name as entry element | Executives. |
| 9 (RLIN) | 232863 |
| Topical term or geographic name as entry element | Management. |
| 9 (RLIN) | 232864 |
| 942 ## - ADDED ENTRY ELEMENTS (KOHA) | |
| Source of classification or shelving scheme | Dewey Decimal Classification |
| Koha item type | Books |
| Lost status | Source of classification or shelving scheme | Damaged status | Not for loan | Collection code | Permanent Location | Current Location | Shelving location | Date acquired | Source of acquisition | Cost, normal purchase price | Total Checkouts | Full call number | Date last seen | Copy number | Koha item type |
|---|---|---|---|---|---|---|---|---|---|---|---|---|---|---|---|
| Dewey Decimal Classification | Not For Loan | Non-fiction | Central Library, University of Rajshahi | Central Library, University of Rajshahi | Reading Room | 02/09/1957 | P.U. Ltd. | 73.20 | 658.4 BAF 1956 | 09/09/2019 | C-1 | Books | |||
| Dewey Decimal Classification | Non-fiction | Central Library, University of Rajshahi | Central Library, University of Rajshahi | 15/09/2019 | 658.4 BAF 1966 | 15/09/2019 | C-2 | Books | |||||||
| Dewey Decimal Classification | Non-fiction | Central Library, University of Rajshahi | Central Library, University of Rajshahi | 15/09/2019 | 658.4 BAF 1966 | 15/09/2019 | C-3 | Books | |||||||
| Dewey Decimal Classification | Non-fiction | Central Library, University of Rajshahi | Central Library, University of Rajshahi | 16/10/2019 | 658.4 BAF 1966 | 16/10/2019 | C-4 | Books |